| 000 | 00978nam a22002177a 4500 | ||
|---|---|---|---|
| 999 |
_c4403 _d4403 |
||
| 003 | AR-CdUCM | ||
| 008 | 190308b ||||| |||| 00| 0 spa d | ||
| 040 |
_aMUNICIPALIDAD PROVINCIAL DEL CUSCO _cBIBLIOTECA MUNICIPAL DEL CUSCO |
||
| 082 |
_a759.98541 / _bB6 |
||
| 110 |
_aEscuela Superior de Arte Carlos Baca Flor _913885 |
||
| 245 | _aBodas de oro, 1951-2001 : cincuenta años de pintura arequipeña / | ||
| 260 |
_aArequipa : _b[M.R. Rodríguez], _c2001. |
||
| 300 |
_a115 páginas ; _bIlustraciones, _c22 cm. |
||
| 505 | _aContenido: Reseña histórica de la escuela superior de arte Carlos Baca Flor de Arequipa -- Cinco décadas de pintura arequipeña -- Apreciaciones en torno a la acuarela arequipeña -- Salón internacional de la acuarela .. | ||
| 650 |
_aPintura arequipeña - Historia _913886 |
||
| 650 |
_aPintura peruana - Siglo XX _913887 |
||
| 650 |
_aPintores arepuipeña _913888 |
||
| 650 |
_aAniversario _912430 |
||
| 942 |
_2ddc _cLIBROS |
||
| 945 | _alccs | ||